000 00775nam a2200253Ia 4500
003 OSt
005 20220928111216.0
006 a|||||r|||| 00| 0
007 ta
008 220927b |||||||| |||| 00| 0 eng d
024 _a32087
037 _cReference Collections
040 _aSDCL
_cSDCL
_beng
041 _2eng
_aeng
082 _aSw1,N97, N7 RR
100 _aSheehy Noel Ed.
_9422593
245 0 _aBiographical dictionary of Psychology.
260 _aLondon
_bRoutledge
_c1997
300 _a675p
_ccm.
700 _a Chapman Antony J Ed.
_9422594
700 _a Conroy Wendy A Ed.
_9422595
942 _hSw1,N97, N7 RR
_cREF
_2CC
999 _c738987
_d738987